000 00223nam a22001097a 4500
040 _cSK
082 _a300
100 _aCHAY KONGKRUY
245 _aResearch method in agro-industry
260 _aRUA
_bCHA
_c2012
942 _cEK
999 _c10348
_d10348